| 000 | 00623nam a22002173a 4500 | ||
|---|---|---|---|
| 005 | 20210219154011.0 | ||
| 008 | 010531s1992 mx fr 000 0 spa d | ||
| 020 | _a0891344330 | ||
| 035 | _aUPN01000116312 | ||
| 049 | _aCE | ||
| 050 | 4 |
_aTT323 _bM9.2 |
|
| 100 | 1 | _aMyer, Phillip C. | |
| 245 | 1 | 0 |
_aCreative paint finishes for the home / _cPhillip C. Myer ; ed. Julie Wesling Whaley. |
| 260 |
_aCincinnati, Ohio : _bNorth light books, _c1992 |
||
| 300 |
_a138 p. : _bil. , col. |
||
| 650 | 4 | _aPINTURAS DE CASAS. | |
| 700 | 1 |
_aWhaley, Julie Wesling, _ecoaut. |
|
| 901 | _a171210 | ||
| 902 | _aLG/npd | ||
| 905 | _aLibro | ||
| 999 |
_c89063 _d89063 |
||